000 00732nam a2200289Ia 4500
001 Z_2970
003 CHAP
008 220113s1987 xx 000 0 und d
010 _a166056
040 _cCHAP
082 _a636.508 B8
100 _aBuxadé Carbó, Carlos
_916475
245 _aLa gallina ponedora : sistemas de explotación y técnicas de producción /
_cpor Carlos Buxadé Carbó
260 _aMadrid :
_bMundi-Prensa,
_c1987
300 _a519 p.
440 _a
500 _a
503 _a175479
650 _aAves de corral
_xProducción
_98677
650 _aHuevos
_xProducción I. t.
_9137406
901 _a636.508 B8
902 _aA
910 _a1987
942 _c1
942 _cc1
999 _c166056
_d166056